| 000 | 01230nac a22003371i 4500 | ||
|---|---|---|---|
| 003 | EG-ScBUE | ||
| 005 | 20240527103436.0 | ||
| 008 | 240527t2005 enk f b 001 0 eng d | ||
| 020 | _a9780745323251 | ||
| 020 | _a0745323251 | ||
| 040 |
_aEG-ScBUE _beng _erda _cEG-ScBUE _dEG-ScBUE |
||
| 082 | 0 | 4 |
_a956.9405092 _bWAR _222 |
| 100 | 1 |
_aWarschawski, Michel, _eauthor. |
|
| 245 | 1 | 0 |
_aOn the border / _cMichel Warschawski ; translated by Levi Laub. |
| 264 | 1 |
_aLondon : _bPluto Press, _c[2005] |
|
| 264 | 4 | _cc2005 | |
| 300 |
_axix, 228 pages ; _c22 cm |
||
| 336 |
_2rdacontent _atext _btxt |
||
| 337 |
_aunmediated _2rdamedia _bn |
||
| 338 |
_avolume _bnc _2rdacarrier |
||
| 504 | _aIncludes bibliographical references and index. | ||
| 546 | _aText in English ; translated from the original French. | ||
| 600 | 1 | 7 |
_aWarschawski, Michel. _2BUEsh |
| 650 | 7 |
_aJews _zIsrael _vBiography. _2BUEsh |
|
| 650 | 7 |
_aArab-Israeli conflict. _2BUEsh |
|
| 655 | _vReading book | ||
| 700 | 1 |
_aLaub, Levi, _etranslator. |
|
| 856 | 4 | 1 |
_3Table of contents only _uhttp://www.loc.gov/catdir/toc/ecip053/2004027287.html |
| 856 | 4 | 1 |
_3Publisher description _uhttp://www.loc.gov/catdir/enhancements/fy0617/2004027287-d.html |
| 942 |
_cBB _2ddc |
||
| 999 |
_c8320 _d8320 |
||